00369nam a2200145Ia 4500008004100000020001800041041000800059082001600067100002500083245004300108250000600151260003300157300001300190650002000203210716s2010 xx 000 0 und d a9788174468062 aeng a657.42 SINP aSinha, Pradip Kumar. aAccounting and costing for management. a1 aNew DelhibExcel Booksc2010 axvii,647 aAccounting(657)